Music Trivia: match the singer to the band. - Statistics

General Stats
  • This quiz has been taken 86 times
  • The average score is 5 of 15
Answer Stats
lead singer for... ...this band % Correct
Mark Knopfler Dire Straits
83%
Michael Stipe R.E.M
81%
Ray Davies The Kinks
69%
Haley Williams Paramore
38%
Joe Elliott Def Leppard
36%
Philip Bailey Earth, Wind & Fire
35%
Burton Cummings The Guess Who
32%
Eric Carmen The Raspberries
23%
Ryan Tedder OneRepublic
15%
Pete Ham Badfinger
14%
Gene Clark The Byrds
14%
Win Butler Arcade Fire
12%
Doug Fieger The Knack
10%
Colin Meloy The Decemberists
2%
Andy Sturmer Jellyfish
1%
No matching quizzes found
Score Distribution
Percent of People with Each Score
Percentile by Number Answered
Your Score History
You have not taken this quiz